Words in PLEASE - Statistics

General Stats
  • This quiz has been taken 63 times
  • The average score is 58 of 96
Answer Stats
Length Word % Correct
3 Lea
98%
4 Leas
98%
3 Sea
98%
2 Pe
96%
3 Pea
96%
4 Plea
96%
2 Ea
95%
4 Leap
95%
2 Pa
95%
2 La
93%
3 See
93%
3 Lap
91%
3 Pal
91%
4 Peas
91%
5 Pleas
91%
4 Seal
91%
2 Al
89%
3 Eas
89%
5 Lease
89%
3 Pee
89%
5 Leaps
88%
4 Ease
86%
4 Laps
86%
4 Slee
86%
5 Sleep
86%
3 Ale
84%
2 As
84%
2 Ee
84%
3 Lee
84%
4 Pale
82%
3 Sal
82%
2 El
79%
3 Sap
79%
3 Ape
77%
4 Peel
77%
6 Please
77%
3 Alp
73%
3 Eel
73%
4 Pals
71%
4 Seep
71%
4 Ales
70%
4 Alps
70%
3 Pas
70%
4 Peal
70%
4 Pees
70%
4 Sale
70%
3 Las
68%
5 Pales
68%
4 Slap
68%
2 Es
64%
5 Lapse
64%
5 Peels
64%
3 Spa
63%
4 Apes
61%
4 Lees
61%
4 Seel
61%
4 Eels
57%
5 Peals
57%
3 Asp
55%
4 Pase
54%
3 Lep
52%
5 Pease
52%
3 Els
50%
3 Sel
50%
3 Pes
48%
5 Speal
48%
5 Speel
48%
5 Easel
46%
3 Les
46%
4 Lase
45%
2 Ae
41%
3 Als
41%
4 Leep
39%
4 Apse
38%
4 Else
32%
4 Leps
32%
5 Sepal
32%
5 Leeps
30%
6 Asleep
29%
5 Spale
29%
6 Elapse
25%
4 Pele
25%
3 Sae
25%
4 Pela
21%
4 Salp
21%
5 Peles
20%
4 Sele
20%
4 Alee
18%
5 Pelas
18%
4 Spae
14%
5 Easle
13%
5 Salep
13%
4 Slae
13%
4 Eale
9%
5 Eales
4%
6 Sapele
4%
No matching quizzes found
Score Distribution
Percent of People with Each Score
Percentile by Number Answered
Your Score History
You have not taken this quiz